000 00305nam a22001337a 4500
008 181008b xxu||||| |||| 00| 0 eng d
020 _a0819126594
041 _aeng
080 _a101
100 _a24
101 _aFIL
245 _aHistory Of Philosphy In The Making
_cThro.l.j
942 _2udc
_cBK
999 _c49051
_d49051